000 00372nam a2200133Ia 4500
008 151001s9999||||xx |||||||||||||| ||und||
100 _aगणेश पुरंदरे
245 _aतिबेटी डॉक्टर
250 _a1
260 _bअंजली प्रकाशन पुणे
260 _c1990
300 _a292
365 _b18
999 _c968348
_d968345